| 000 -LEADER |
| fixed length control field |
00611nam a22001937a 4500 |
| 008 - FIXED-LENGTH DATA ELEMENTS--GENERAL INFORMATION |
| fixed length control field |
151002b xxu||||| |||| 00| 0 eng d |
| 020 ## - INTERNATIONAL STANDARD BOOK NUMBER |
| International Standard Book Number |
0471169196 |
| 041 0# - LANGUAGE CODE |
| Language code of text/sound track or separate title |
eng |
| 080 ## - UNIVERSAL DECIMAL CLASSIFICATION NUMBER |
| Universal Decimal Classification number |
657 |
| 100 ## - Rafti |
| Rafti |
Kimmel, Paul D. |
| 245 10 - TITLE STATEMENT |
| Title |
Financial accounting : |
| Statement of responsibility, etc |
Paul D. Kimmel, Jerry J. Weygandt, Donald E. Kieso. |
| 260 ## - |
| -- |
New York : |
| -- |
John Wiley, |
| -- |
1998. |
| 300 ## - |
| -- |
xxx, 709, A1-24, B1-16, C1-18, PC1-2, I1-12 p. : |
| -- |
me il.; |
| -- |
29 cm. |
| 650 #0 - |
| -- |
Kontabilitet |
| 650 #0 - |
| -- |
Financiar |
| 700 1# - |
| -- |
Weygandt, Jerry J. |
| 700 1# - |
| -- |
Kieso, Donald E. |
| 942 ## - ADDED ENTRY ELEMENTS (KOHA) |
| Source of classification or shelving scheme |
|
| Item type |
Books |